Malé šance malých štátov. SB a MMF o transformácii krajín východnej Európy po troch rokoch.

Informácia zo spoločnej správy MMF a Svetovej banky o stave ekonomík východoeurópskych krajín a výsledkoch 3 rokov hospodárskych reforiem (veľkej transformácie) - situácia veľmi zlá, sústavný pokles HDP, nezamestnanosť, zmena vlastníctva, kupónová privatizácia, nevyhnutnosť organizovať aj štátne vla...

ver descrição completa

Na minha lista:
Detalhes bibliográficos
Autor principal: Giraud, J.
Formato: Capítulo de Livro
Idioma:eslovaco
Assuntos:
Tags: Adicionar Tag
Sem tags, seja o primeiro a adicionar uma tag!

MARC

LEADER 00000naa a2200000 4500
001 r012002
005 20220826094948.3
041 0 |a slo 
044 |a SK 
245 1 0 |a Malé šance malých štátov.  |b SB a MMF o transformácii krajín východnej Európy po troch rokoch.  |c J. Giraud 
520 |a Informácia zo spoločnej správy MMF a Svetovej banky o stave ekonomík východoeurópskych krajín a výsledkoch 3 rokov hospodárskych reforiem (veľkej transformácie) - situácia veľmi zlá, sústavný pokles HDP, nezamestnanosť, zmena vlastníctva, kupónová privatizácia, nevyhnutnosť organizovať aj štátne vlastníctvo, rozpor trhovej ekonomiky a nacionalizmu. 
610 2 0 |a reformy hospodárske 
610 2 0 |a východná Európa 
610 2 0 |a transformácia 
610 2 0 |a 1990-1992 
610 2 0 |a produkt domáci hrubý 
610 2 0 |a nezamestnanosť 
610 2 0 |a privatizácia 
610 2 0 |a Medzinárodný menový fond 
610 2 0 |a IBRD 
100 1 |a Giraud, J.